Possible trends in the plantation sector of Sri Lanka (Record no. 65353)

MARC details
000 -LEADER
fixed length control field 00383nam a2200133Ia 4500
100 ## - MAIN ENTRY--AUTHOR NAME
Personal name Nugawela A
245 #0 - TITLE STATEMENT
Title Possible trends in the plantation sector of Sri Lanka
260 ## - PUBLICATION, DISTRIBUTION, ETC. (IMPRINT)
Name of publisher Bulletin of the Rubber Research Institute of Sri Lanka
Year of publication 2002
300 ## - PHYSICAL DESCRIPTION
Number of Pages 27-31
650 ## - SUBJECT ADDED ENTRY--TOPICAL TERM
Topical Term Plantation sector
650 ## - SUBJECT ADDED ENTRY--TOPICAL TERM
Topical Term Sri Lanka
942 ## - ADDED ENTRY ELEMENTS (KOHA)
Koha item type Journals
Holdings
Withdrawn status Lost status Damaged status Not for loan Home library Current library Shelving location Date acquired Serial Enumeration / chronology Koha item type
      Journals RRII Library RRII Library Agricultural economics 17/12/2021 Volume 44, Issue Journals